Normal view
MARC view
Entry Personal Name
001 - CONTROL NUMBER
- control field: 52006
003 - CONTROL NUMBER IDENTIFIER
- control field: OSt
005 - DATE AND TIME OF LATEST TRANSACTION
- control field: 20160412161403.0
008 - FIXED-LENGTH DATA ELEMENTS
- fixed length control field: 160412|| aca||aabn | a|a d
040 ## - CATALOGING SOURCE
- Original cataloging agency: OSt
- Transcribing agency: OSt
100 ## - HEADING--PERSONAL NAME
- Personal name: झिंगन अशोक
670 ## - SOURCE DATA FOUND
- Source citation: Work cat.: (OSt)9510: झिंगन अशोक , मधुमेह और स्वस्थ जीवन , 2002









